|
|
|
|
| LEADER |
00642nab a2200193 i 4500 |
| 001 |
misc26695 |
| 005 |
20191108150055.0 |
| 008 |
170829s1962 hu o 0|| zxx d |
| 040 |
|
|
|a SZTE Miscellanea Repozitórium
|b hun
|
| 041 |
|
|
|a zxx
|
| 100 |
1 |
|
|a Szeghy Gergely
|
| 245 |
1 |
0 |
|a Sympathicus blokád hatása papilla- és retinaoedemában
|h [elektronikus dokumentum] :
|b különlenyomat /
|c Szeghy Gergely
|
| 260 |
|
|
|c 1962
|
| 300 |
|
|
|a 1552-1553
|
| 490 |
0 |
|
|a Kolligátum
|
| 695 |
|
|
|a Szemészet
|
| 700 |
0 |
1 |
|a Csanda Endre
|e aut
|
| 700 |
0 |
1 |
|a Földi Mihály
|e aut
|
| 856 |
4 |
0 |
|u http://misc.bibl.u-szeged.hu/26695/1/019_011_1552-1553.pdf
|z Dokumentum-elérés
|